Yoyo's Texas Word Chain - Statistics

General Stats
  • This quiz has been taken 17 times
  • The average score is 17 of 25
Answer Stats
Hint Answer % Correct
Capital of Texas Austin
100%
Texas' westerly neighbor New Mexico
100%
Texas' northerly neighbor Oklahoma
100%
Space company based in Houston, Texas NASA
86%
Country musician Willie ___ Nelson
86%
Airline headquartered in Dallas, Texas Southwest
86%
NBA team based in San Antonio Spurs
86%
__ __ have flown over Texas. Also a waterpark. Six Flags
79%
University with the longhorn as a mascot UT
79%
36th president Lyndon B Johnson
71%
Tex-Mex dish with melted cheese and toppings like tomatoes, olives, guac, onions... Nachos
71%
Cuisine that fuses native Tejano and American tastes Tex-Mex
71%
Port ___, a famous summertime coastal destination Aransas
64%
Computer company founded and based in Round Rock, Texas Dell
64%
University in Fort Worth, Texas TCU
64%
This extreme sports event that often features skateboarding was held in Texas in 2014 X Games
64%
Airline headquartered in Fort Worth, Texas American
57%
Midland and ___, prominent oil cities of west Texas Odessa
57%
Birthplace of H-E-B San Antonio
57%
City home to Texas State University San Marcos
57%
New Braunfels water park Schlitterbahn
43%
Texan singer whose hits include "Como la Flor," "Bidi Bidi Bom Bom," and "Amor Prohibido." Selena
43%
Wealthy suburb near Houston Sugar Land
36%
Famous capital city live music festival Austin City Limits
29%
Luxury fashion brand headquartered in Dallas Neiman Marcus
21%
No matching quizzes found
Score Distribution
Percent of People with Each Score
Percentile by Number Answered
Your Score History
You have not taken this quiz